Mort subite Quels albums de Lucky Luke existent ? - Statistiques

Statistiques générales
  • Ce quiz a été pris 487 fois
  • Le résultat moyen est 6 sur 46
Answers on the Grid
Answers color-coded by a green-red scale on the quiz's grid according to % correct below.
La mine d'or de Dick Digger
Rodéo
Nevada
Sous le ciel du far west
Lucky Luke contre Peter Poker
Hors-la-loi
La potion du Docteur Doxey
Phil Defer
Des rails sur la prairie
Alerte aux Pieds-Jaunes
Lucky Luke contre Joss Jamon
Les frères Dalton
Le juge
Ruée sur la Californie
L'évasion des Dalton
En montant les Rocheuses
Sur la piste des Dalton
A l'ombre des derricks
Les rivaux de Painful city
Billy-the-Kid
Les vertes collines
Les Dalton dans le blizzard
La Caravane
La ville fantôme
Les Dalton achètent
Le 13e de Cavalerie
L'Escorte
Du fer sur la prairie
Calamity Jane
Tacos pour les Dalton
La diligence
Le Pied-tendre
Dalton city
Jesse James
Western circus
Le canyon
Ma Dalton
Le chasseur de primes
Le duc russe
L'héritage de Rantanplan
12 histoires de Lucky Luke
Le cavalier blanc
La maladie des Dalton
L'Empereur Martin
Le fil qui chante
Le magot des Dalton
Le bandit manchot
Sarah Bernhardt
Le pendu
Daisy City
Fingers
Le Daily Express
La fiancée de Lucky Luke
La Ballade des Dalton et autres histoires
Le ranch hanté
Nitroglycérine
L'Alibi
Le Pony Express
L'amnésie de Rantanplan
La chasse aux revenants
Les Dalton se marient
Le pont sur le Mississippi
Kid Lucky
Belle Star
Le Klondike
O.K. Corral
Dakota Tim
Maurice Dalton
Le Devin
L'artiste-peintre
La légende de l'Ouest
La Belle Province
La corde au cou
L'homme de Boston
Lucky Luke contre Pinkerton
Le cavalier solitaire
Les tontons Dalton
La terre promise
Lucky Luke à Paris
Un cowboy dans le coton
La niche de Rantanplan
 
Statistiques - réponses
Réponse % Correct
La mine d'or de Dick Digger
63%
Rodéo
44%
Hors-la-loi
32%
Des rails sur la prairie
29%
Phil Defer
29%
Billy-the-Kid
27%
Le juge
27%
La diligence
23%
L'évasion des Dalton
23%
Calamity Jane
22%
Lucky Luke contre Joss Jamon
22%
La Caravane
20%
Sur la piste des Dalton
20%
La ville fantôme
19%
Ma Dalton
18%
Les Dalton dans le blizzard
17%
A l'ombre des derricks
15%
Jesse James
15%
Le Pied-tendre
14%
L'Escorte
13%
Dalton city
12%
La fiancée de Lucky Luke
12%
L'héritage de Rantanplan
11%
Le bandit manchot
9%
Western circus
9%
Le cavalier blanc
8%
Le fil qui chante
8%
Le Pony Express
8%
Le magot des Dalton
6%
Sarah Bernhardt
6%
La Ballade des Dalton et autres histoires
5%
La corde au cou
5%
Fingers
4%
Kid Lucky
4%
Nitroglycérine
4%
O.K. Corral
4%
Un cowboy dans le coton
4%
La Belle Province
3%
La légende de l'Ouest
3%
Les tontons Dalton
3%
Lucky Luke contre Pinkerton
3%
L'Alibi
2%
La terre promise
2%
Le pont sur le Mississippi
2%
L'artiste-peintre
1%
Le Klondike
1%
Aucun quiz correspondant
Distribution des résultats
% des personnes avec chaque résultat
Percentile par nombre de réponses
Votre historique - résultats
Vous n’avez pas pris ce quiz